Guess the Series by the Character Given - Statistics

General Stats
  • This quiz has been taken 8 times
  • The average score is 7 of 30
Answer Stats
Hint Answer % Correct
Monica Geller Friends
71%
Margaery Tyrell Game of Thrones
57%
Marie Schrader Breaking Bad
43%
Mitchell Pritchett Modern Family
43%
Lucas Sinclar Stranger Things
43%
Phyllis Vance The Office
43%
Rosa Diaz Brooklyn 99
29%
Willow Rosenberg Buffy the Vampire Slayer
29%
Nate Archibald Gossip Girl
29%
Lily Aldren How I Met Your Mother
29%
Cece Parekh New Girl
29%
Lorna Morello Orange is the New Black
29%
Ben Wyatt Parks and Recreation
29%
Elaine Benes Seinfeld
29%
Charlotte York Sex and the City
29%
Arizona Robbins Grey's Anatomy
14%
Silvio Dante Sopranos
14%
Marcia Roy Succession
14%
Lord Mountbatten The Crown
14%
Summer Roberts The O.C.
14%
Maggie Greene The Walking Dead
14%
Stringer Bell The Wire
14%
Simon Basset Bridgerton
0%
Tim Riggins Friday Night Lights
0%
Jesse St. James Glee
0%
Jin-Soo Kwon Lost
0%
Pete Campbell Mad Men
0%
Veronica Fisher Shameless
0%
Keeley Jones Ted Lasso
0%
Josie Packard Twin Peaks
0%
No matching quizzes found
Score Distribution
Percent of People with Each Score
Percentile by Number Answered
Your Score History
You have not taken this quiz